Nachbarländer der Sowjetunion - Statistiken

Allgemein
  • Dieses Quiz wurde 41 mal gespielt
  • Das Durchschnittsergebnis liegt bei 10 aus 12
Antwortstatistiken
Länge Land % Korrekt
6513 km China
98%
1340 km Finnland
95%
1258 km Polen
90%
1208 km Rumänien
90%
3485 km Mongolei
88%
529 km Türkei
83%
196 km Norwegen
80%
103 km Ungarn
80%
2264 km Afghanistan
78%
19 km Nordkorea
78%
2013 km Iran
70%
97 km Tschechoslowakei
58%
Keine übereinstimmenden Quizze gefunden
Verteilung der Resultate
Anzahl Personen mit jedem Resultat
Perzentil nach korrekt beantworteten Fragen
Ihre Resultats-Entwicklung
Sie haben dieses Quiz noch nicht gespielt